Natural English : upper-intermediate : puzzle book / Ruth Gairns
Record details
- ISBN: 0-19-438390-3
- Physical Description: 31 s. : il. ; 28 cm
- Publisher: Oxford : Oxford University Press, 2003
Search for related items by subject
| Subject: | angličtina jazykové hry English language language games |
| Genre: | učebnice pracovní sešity textbooks activity books |
Available copies
- 1 of 1 copy available at Common Catalog SPOK.
Holds
- 0 current holds with 1 total copy.
Other Formats and Editions
Show Only Available Copies
| Location | Call Number / Copy Notes | Barcode | Shelving Location | Status | Due Date |
|---|---|---|---|---|---|
| Department of Languages | AU | 424480023478 | Příruční knihovna (KJZ) - ptejte se knihovníka | Available | - |
| LDR | 01212cam a2200373 a 4500 | ||
|---|---|---|---|
| 001 | 7556 | ||
| 003 | CZ-PrJAB | ||
| 005 | 20190701135634.0 | ||
| 007 | ta | ||
| 008 | 060222s2003 xxka g p 000 0 eng d | ||
| 020 | . | ‡a0-19-438390-3 ‡q(brožováno) | |
| 035 | . | ‡a(CZ PrSKC)000024712 | |
| 040 | . | ‡aZLD002 ‡bcze | |
| 072 | 7. | ‡a811.111 ‡xAngličtina ‡2Konspekt ‡911 | |
| 072 | 7. | ‡a37.016 ‡xUčební osnovy. Vyučovací předměty. Učebnice ‡2Konspekt ‡922 | |
| 080 | . | ‡a811.111 ‡2MRF | |
| 080 | . | ‡a81:371.382 ‡2MRF | |
| 080 | . | ‡a(075) ‡2MRF | |
| 080 | . | ‡a(076.1) ‡2MRF | |
| 100 | 1 | . | ‡aGairns, Ruth, ‡d1949- ‡7xx0002317 ‡4aut |
| 245 | 1 | 0. | ‡aNatural English : ‡bupper-intermediate : puzzle book / ‡cRuth Gairns |
| 260 | . | ‡aOxford : ‡bOxford University Press, ‡c2003 | |
| 300 | . | ‡a31 s. : ‡bil. ; ‡c28 cm | |
| 650 | 0 | 7. | ‡aangličtina ‡7ph114056 ‡2czenas |
| 650 | 0 | 7. | ‡ajazykové hry ‡7ph175735 ‡2czenas |
| 650 | 0 | 9. | ‡aEnglish language ‡2eczenas |
| 650 | 0 | 9. | ‡alanguage games ‡2eczenas |
| 655 | 7. | ‡aučebnice ‡7fd133770 ‡2czenas | |
| 655 | 7. | ‡apracovní sešity ‡7fd133116 ‡2czenas | |
| 655 | 9. | ‡atextbooks ‡2eczenas | |
| 655 | 9. | ‡aactivity books ‡2eczenas | |
| 910 | . | ‡aABG312 | |
| 995 | . | ‡aska | |
| 901 | . | ‡a7556 ‡bUnknown ‡c7556 ‡tbiblio | |